Advanced Engineering Mathematics / (Record no. 564088)
[ view plain ]
| 000 -LEADER | |
|---|---|
| fixed length control field | 00390nam a2200145Ia 4500 |
| 008 - FIXED-LENGTH DATA ELEMENTS--GENERAL INFORMATION | |
| fixed length control field | 210430s9999 xx 000 0 und d |
| 020 ## - INTERNATIONAL STANDARD BOOK NUMBER | |
| International Standard Book Number | 978-8126508273 |
| 082 ## - DEWEY DECIMAL CLASSIFICATION NUMBER | |
| Classification number | 510 K 9211 A |
| 100 ## - MAIN ENTRY--PERSONAL NAME | |
| Personal name | Erwin Kreyszig. |
| 9 (RLIN) | 13321 |
| 245 ## - TITLE STATEMENT | |
| Title | Advanced Engineering Mathematics / |
| Statement of responsibility, etc. | Erwin Kreyszig. |
| 250 ## - EDITION STATEMENT | |
| Edition statement | 8th edition |
| 260 ## - PUBLICATION, DISTRIBUTION, ETC. | |
| Place of publication, distribution, etc. | New york |
| Name of publisher, distributor, etc. | Wiley |
| Date of publication, distribution, etc. | 1999 |
| 300 ## - PHYSICAL DESCRIPTION | |
| Extent | 1156p |
| 942 ## - ADDED ENTRY ELEMENTS (KOHA) | |
| Koha item type | Book |
| Source of classification or shelving scheme | |
| Withdrawn status | Lost status | Damaged status | Not for loan | Collection code | Permanent Location | Current Location | Shelving location | Date acquired | Total Checkouts | Full call number | Barcode | Date last seen | Price effective from | Koha item type |
|---|---|---|---|---|---|---|---|---|---|---|---|---|---|---|
| School of Chemical & Materials Engineering (SCME) | School of Chemical & Materials Engineering (SCME) | General Stacks | 08/11/6 | 510 K 9211 A | SCME-3277 | 04/30/2021 | 04/30/2021 | Book |
